| 000 | 00450nam a2200157Ia 4500 | ||
|---|---|---|---|
| 008 | 210716s1995 xx 000 0 und d | ||
| 020 | _a0030983665 | ||
| 041 | _aeng | ||
| 082 | _a658.83 CHUG | ||
| 100 | _aChurchill, Gilbert A. | ||
| 245 |
_aMarketing research: methodological foundations. _bMethodological foundations. |
||
| 250 | _a6 | ||
| 260 |
_aNew York _bThe dryden press _c1995 |
||
| 300 | _axxxiv,1117,I-23 | ||
| 650 | _aMarketing Research | ||
| 999 |
_c200770 _d200770 |
||